000
00204 a2200097 4500
001
3905
100
_a
Starting, D.G
245
_a
electricity & magnitism
260
_a
_b
Longmans
_c
090
_c
3135
_d
3135
942
_a
NUST-CAE
_c
M
_c
23725
999
_c
238978
_d
238978